| 000 | 00649nam a22001937a 4500 | ||
|---|---|---|---|
| 999 |
_c113804 _d113804 |
||
| 005 | 20190701125958.0 | ||
| 008 | 160225b mx ||||| |||| 00| 0 spa d | ||
| 020 | _a9786078092000 | ||
| 050 | 0 | 4 |
_aPN1631 _bS47 2010 |
| 100 | 1 | _aSerguieievna Kurguinian, Maria | |
| 245 | 1 | 0 |
_aHacia una teoría dramática _c/ Maria Serguieievna Kurguinian ; traducción Armando Partida Tayzan. |
| 250 | _a1a ed. | ||
| 260 |
_aVeracruz, Veracruz, México : _bInstituto Veracruzano de la Cultura : _bInstituto de Cultura del Estado de Durango, _c2010 |
||
| 300 |
_a268 p. ; _c21 cm. |
||
| 490 | 0 |
_aSerie teoría. _aPaso de gato |
|
| 504 | _aIncluye bibliografías | ||
| 650 | 4 |
_aDrama _xHistoria y crítica |
|
| 650 | 7 |
_2lemb _aActuación teatral (drama) |
|
| 700 | 1 |
_aPartida Tayzan, Armando, _etraducción |
|
| 942 |
_2lcc _cLIB |
||